Selected poems : (Record no. 4406)

MARC details
000 -LEADER
fixed length control field 00469cam a2200181ua 4500
008 - FIXED-LENGTH DATA ELEMENTS--GENERAL INFORMATION
fixed length control field 120303n ii |||gr||||Z||||||eng
040 ## - CATALOGING SOURCE
Transcribing agency MAIN
082 ## - DEWEY DECIMAL CLASSIFICATION NUMBER
Classification number 821
100 ## - MAIN ENTRY--PERSONAL NAME
Personal name Yeats, W. B.,
Relator term
245 11 - TITLE STATEMENT
Title Selected poems :
Remainder of title a critical study /
Statement of responsibility, etc. by W. B. Yeats .
250 ## - EDITION STATEMENT
Edition statement 6th.
260 ## - PUBLICATION, DISTRIBUTION, ETC.
Place of publication, distribution, etc. Bareilly:
Name of publisher, distributor, etc. Prakash book depot,
Date of publication, distribution, etc. 1997.
300 ## - PHYSICAL DESCRIPTION
Extent 309p:
Dimensions 23cm.
700 ## - ADDED ENTRY--PERSONAL NAME
Personal name Mundra, S. C.,
Relator term
942 ## - ADDED ENTRY ELEMENTS (KOHA)
Koha item type Books
653 ## - INDEX TERM--UNCONTROLLED
Uncontrolled term English poetry
Holdings
Withdrawn status Lost status Damaged status Not for loan Home library Current library Shelving location Date acquired Total Checkouts Full call number Barcode Date last seen Date last checked out Copy number Price effective from Koha item type
        Central Library, Naharkatiya College Central Library, Naharkatiya College General Stacks 19/09/2020 1 821 | YEA 4561 08/04/2024 13/03/2024 2 19/09/2020 Books
        Central Library, Naharkatiya College Central Library, Naharkatiya College General Stacks 19/09/2020   821 | YEA 4680 19/09/2020   1 19/09/2020 Books

Naharkatiya College © 2020. All rights reserved.

Powered By